Segundo centenario de la Universidad Central de Venezuela. (Record no. 43097)

MARC details
000 -LEADER
campo de control de longitud fija 00463nam a2200145 i 4500
001 - NÚMERO DE CONTROL
campo de control 43097
003 - IDENTIFICADOR DE NÚMERO DE CONTROL
campo de control ES-MaACL
005 - FECHA Y HORA DE LA ÚLTIMA TRANSACCIÓN
campo de control 20230906160730.0
007 - CAMPO FIJO DE DESCRIPCIÓN FÍSICA--INFORMACIÓN GENERAL
campo de control de longitud fija t|
008 - DATOS DE LONGITUD FIJA--INFORMACIÓN GENERAL
campo de control de longitud fija 030314s1925 ve ||||1| spa d
245 08 - MENCIÓN DEL TÍTULO
Título Segundo centenario de la Universidad Central de Venezuela.
260 ## - PUBLICACIÓN, DISTRIBUCIÓN, ETC.
Lugar de publicación, distribución, etc. [Venezuela :
Nombre del editor, distribuidor, etc. s.n.,
Fecha de publicación, distribución, etc. 1925]
500 ## - NOTA GENERAL
Nota general Es separta de: Anales de la Universidad Central de Venezuela. Año XIII, T. XIV. Nº extraordinario.
852 ## - LOCALIZACIÓN
Ubicación ES-MaACL
Número de control de estantería 1693-F-4
Holdings
Estatus retirado Estado de pérdida Estado de daño No para préstamo Colección Biblioteca de origen Biblioteca actual Ubicación en estantería Fecha de adquisición Fuente de adquisición Total de préstamos Signatura topográfica completa Código de barras Visto por última vez Precio de reemplazo Tipo de ítem Koha
        Colección de folletos Biblioteca del Ateneo de Madrid Biblioteca del Ateneo de Madrid Depósito folletos 17/01/2008     1693-F-4 1045363 23/02/2023 23/02/2023 Folleto